000 01470 a2200217 4500
001 39967
005 20260407155656.0
008 260407a1978 arg spa d
003 AR-UNSa-BCEJYS
040 _aAR-UNSa-BCEJYS
_bspa
_cAR-UNSa-BCEJYS
080 _a330.101.542
_xMicroeconomía
245 1 0 _aMicroeconomía
264 1 _aMadrid :
_bTecnos
_c1978
300 _a406 p.
_c23 cm.
505 _a1. Análisis económico: perspectiva preliminares - 2. El sistema económico: los sujetos económicos y los mercados - 3. La oferta y la demanda : Teoría básica - 4. El comportamiento de la economía domestica : La teoría de la demanda del consumidor - 5. El comportamiento de la economía domestica : La asignación de la renta y la administración de activos - 6. El comportamiento de la empresa : La producción y el coste - 7. El comportamiento de la empresa: El output y la inversión - 8. Determinación del precio de competencia - 9. Mercados imperfectamente competitivos: El monopolio - 10. La competencia monopolistica - 11. Mercados imperfectamente competitivos: El oligopolio - 12. La determinación del precio del trabajo - 03. La inversión de capital y el presupuesto de gastos de capital - 14. Mercados de prestamos - 15. Rentas y cuasi rentas - 16. El empresariado y los beneficios.
942 _cBK
590 _aniveau_biblio:m niveau_hierar:0
100 1 _aDue, John F.
700 1 _aClower, Robert W.
700 1 _aChavarri Navarro, Ruperto
999 _c3173
_d3173